000 00568nam a2200145 a 4500
090 _aLB
_b05718
041 _aspa
100 _aSalina Ardila, Yamile
_992730
245 _aInstitucionalidad ambiental del Distrito Capital
260 _aBogotá
_bFESCOL
_bUniversidad de los Andes
_bFundación Alejandro Escobar
_bFundacion Natura Colombia
_bGTZ
_bCooperación Alemana al Desarrollo
_bTropenbos International
_bEcofondo
_bWWF
_c2007
300 _a12 p.
440 _aForo Nacional Ambiental documentos de política pública
_n20
_992731
942 _cIMPRESO
945 _d2009-12-01
999 _c7239
_d7239